000 00247nam a2200109Ia 4500
008 220204s9999 xx 000 0 und d
082 _a82-3
_bSCO
100 _aRobinson, F M
245 0 _aPrometheus crisis
700 _aScortia, T N
942 _cBK
999 _c29456
_d29456